Bills players by jersey number 4 - Statistics

General Stats
  • This quiz has been taken 9 times
  • The average score is 5 of 7
Answer Stats
jersey number player % Correct
10 Khalil Shakir
100%
16 Trent Sherfield Sr.
88%
64 O'Cyrus Torrence
75%
54 Baylon Spector
63%
99 Tim Settle
63%
42 Dorian Williams
50%
74 Ryan Van Demark
38%
No matching quizzes found
Score Distribution
Percent of People with Each Score
Percentile by Number Answered
Your Score History
You have not taken this quiz